Исследование физических свойств пластовых нефтей Томской области: Отчет о НИР; Тема: № 45/72

Bibliografske podrobnosti
Korporativna značnica: Томский политехнический институт (ТПИ) (595)
Drugi avtorji: Аскарин А. В. (руководитель)
Jezik:ruščina
Izdano: Томск, 1974
Teme:
Format: Knjiga
KOHA link:https://koha.lib.tpu.ru/cgi-bin/koha/opac-detail.pl?biblionumber=174165

MARC

LEADER 00000nbm0a2200000 4500
001 174165
005 20231101223136.0
029 0 0 |a SU  |b 74066728  |f ТПУ 
035 |a (RuTPU)RU\TPU\book\188871 
090 |a 174165 
100 |a 20100122d1974 k y0rusy50 ca 
101 0 |a rus 
102 |a RU 
105 |a a p 001zy 
200 1 |a Исследование физических свойств пластовых нефтей Томской области  |e Отчет о НИР  |e Тема: № 45/72  |f Томский политехнический институт (ТПИ) ; руководитель А. В. Аскарин 
210 |a Томск  |d 1974 
215 |a 168 л. 
320 |a Библиогр.: с. 154-155. 
606 |a Нефть пластовая  |x Исследование  |2 stltpush  |3 (RuTPU)RU\TPU\subj\45903  |9 65093 
610 1 |a отчеты о НИР 
610 1 |a Томская область 
610 1 |a пластовые нефти 
610 1 |a физические свойства 
610 1 |a проницаемость пластов 
675 |a 553.982.08(04)  |v 3 
702 1 |a Аскарин  |b А. В.  |4 673 
712 0 2 |a Томский политехнический институт (ТПИ)  |c (1944-1991)  |2 stltpush  |3 (RuTPU)RU\TPU\col\1123  |4 595 
801 1 |a RU  |b 63413507  |c 20100122 
801 2 |a RU  |b 63413507  |c 20180420  |g RCR 
942 |c BK